书目信息 |
| 题名: |
中国木材进口市场特征、弹性与风险研究
|
|
| 作者: | 程宝栋 著 | |
| 分册: | ||
| 出版信息: | 北京 人民日报出版社 2016 |
|
| 页数: | 203页 | |
| 开本: | 24cm | |
| 丛书名: | 人民日报学术文库 | |
| 单 册: | ||
| 中图分类: | F752.652.4 | |
| 科图分类: | ||
| 主题词: | 木材--mu cai--进口贸易--市场特征--研究--中国 | |
| 电子资源: | ||
| ISBN: | 978-7-5115-3988-5 | |
| 000 | 01147nam0 22002651 450 | |
| 001 | 0119171340 | |
| 005 | 20170619171340.0 | |
| 010 | @a978-7-5115-3988-5@b精装@dCNY68.00 | |
| 100 | @a20160705d2016 em y0chiy50 ea | |
| 101 | 0 | @achi |
| 102 | @aCN@b110000 | |
| 105 | @ay z 000yy | |
| 106 | @ar | |
| 200 | 1 | @a中国木材进口市场特征、弹性与风险研究@9zhong guo mu cai jin kou shi chang te zheng dan xing yu feng xian yan jiu@f程宝栋[等]著 |
| 210 | @a北京@c人民日报出版社@d2016 | |
| 215 | @a203页@d24cm | |
| 225 | 2 | @a人民日报学术文库@9ren min ri bao xue shu wen ku |
| 300 | @a北京市高等学校“青年英才计划” 北京林业大学青年教师科学研究中长期项目资助 | |
| 330 | @a本书基于木材原料进口的贸易数据,在对木材产业集聚区、主要木材进口港调研访谈基础上,研究中国木材进口市场的主要特征、弹性与风险状况,明确我国当前木材进口贸易的世界地位、总体态势及具体特征,进而分析评价了木材进口市场的弹性及风险因素。 | |
| 461 | 0 | @12001 @a人民日报学术文库 |
| 606 | 0 | @a木材@9mu cai@x进口贸易@x市场特征@x研究@y中国 |
| 690 | @aF752.652.4@v5 | |
| 701 | 0 | @a程宝栋@9cheng bao dong@4著 |
| 801 | 0 | @aCN@b百万庄@c20170617 |
| 905 | @b1013085-90@dF752.652.4@e52@f6 | |
| 中国木材进口市场特征、弹性与风险研究/程宝栋[等]著.-北京:人民日报出版社,2016 |
| 203页;24cm.-(人民日报学术文库) |
| 北京市高等学校“青年英才计划” 北京林业大学青年教师科学研究中长期项目资助 |
| ISBN 978-7-5115-3988-5(精装):CNY68.00 |
| 本书基于木材原料进口的贸易数据,在对木材产业集聚区、主要木材进口港调研访谈基础上,研究中国木材进口市场的主要特征、弹性与风险状况,明确我国当前木材进口贸易的世界地位、总体态势及具体特征,进而分析评价了木材进口市场的弹性及风险因素。 |
| ● |
| 相关链接 |
|
|
|
|
正题名:中国木材进口市场特征、弹性与风险研究
索取号:F752.652.4/52
 
预约/预借
| 序号 | 登录号 | 条形码 | 馆藏地/架位号 | 状态 | 备注 |
| 1 | 1013085 | 210130856 | 第一样本阅览室/ [索取号:F752.652.4/52] | 在馆 | |
| 2 | 1013086 | 210130865 | 教育系资料室/ [索取号:F752.652.4/52] | 在馆 | |
| 3 | 1013087 | 210130874 | 教育系资料室/ [索取号:F752.652.4/52] | 在馆 | |
| 4 | 1013088 | 210130883 | 教育系资料室/ [索取号:F752.652.4/52] | 在馆 | |
| 5 | 1013089 | 210130892 | 第一借阅区/ [索取号:F752.652.4/52] | 在馆 | |
| 6 | 1013090 | 210130909 | 第一借阅区/ [索取号:F752.652.4/52] | 在馆 |